[Event "World Women-ch"]
[Site "Taizhou"]
[Date "2013.09.20"]
[Round "7"]
[White "Hou, Yifan"]
[Black "Ushenina, Anna"]
[Result "1-0"]
[WhiteElo "2609"]
[BlackElo "2500"]
[Annotator "CB"]
[PlyCount "79"]
[EventDate "2013.09.11"]
[EventType "match"]
[EventRounds "7"]
[EventCountry "CHN"]
[SourceTitle "CBM 157"]
[Source "ChessBase"]
[SourceDate "2013.11.12"]
[SourceVersion "1"]
[SourceVersionDate "2013.11.12"]
[SourceQuality "1"]

1. e4 c5 2. Nf3 d6 3. d4 cxd4 4. Nxd4 Nf6 5. Nc3 a6 6. Be3 Nbd7 ({Die
üblichen Reaktionen sind} 6... e6) ({oder} 6... e5) 7. Be2 e6 8. g4 ({Nach} 8.
O-O b5 9. a3 Bb7 {hat Schwarz ausgezeichntete Ergebnisse erzielt.}) 8... h6 9.
f4 g5 (9... b5 10. g5 hxg5 11. fxg5 Rh3 12. Bf4 b4 13. Nd5 exd5 14. gxf6 Nxf6
15. Nc6 Qb6 16. exd5 Ne4 17. Qd4 Qxd4 18. Nxd4 g5 19. Bc1 Bg7 20. Nc6 Ng3 21.
Rg1 Nxe2 22. Rxg5 Nd4 23. Rxg7 Nxc2+ 24. Kd1 Nxa1 25. Rg8+ Kd7 26. Rf8 Rd3+ 27.
Bd2 Rxd5 28. Nxb4 Rf5 29. Bc3 a5 30. Nd3 a4 {0-1 (30) Byrne,R (2600)-Browne,W 
(2550) Oberlin 1975}) 10. f5 Ne5 11. h3 b5 12. a3 Qe7 13. fxe6 fxe6 14. Nf3
Nfd7 {N} (14... Bb7 15. Nxe5 dxe5 16. Bd3 Qc7 17. h4 Bc5 18. Qe2 Bxe3 19. Qxe3
Nxg4 20. Qg3 h5 21. O-O-O O-O-O 22. hxg5 Qg7 23. Qh4 Rdg8 24. Be2 Qxg5+ 25.
Qxg5 Rxg5 26. Rh4 Nf6 27. Rf1 Rh6 28. b4 Rg2 29. Bf3 Rg3 30. a4 Bc6 31. axb5
axb5 32. Ne2 Rg5 33. Kd2 Rh7 34. Rg1 Rxg1 35. Nxg1 Kd8 36. Ke3 Be8 37. Be2 Ra7
38. Nf3 Ng4+ 39. Kd2 Ke7 40. Ne1 Nf6 41. Nd3 Kd6 42. Nc5 Ra1 43. Rh3 Rb1 44. c3
Rg1 45. Nb7+ Ke7 46. Nc5 Rg2 47. Ke1 Rg5 48. Kf2 Bc6 49. Rg3 Rxg3 50. Kxg3 Be8
51. Kh4 Bc6 52. Bf3 Kd6 53. Kg5 Ke7 54. Kh4 Kd6 55. Kg5 Ke7 56. Kh4 Kd6 {
1/2-1/2 (56) Ponomariov,R (2742)-Topalov,V (2793) Thessaloniki 2013}) 15. Qd2
Nxf3+ 16. Bxf3 Ne5 $6 ({Besser} 16... Bg7 17. O-O-O Be5 $11) 17. Be2 Bg7 18.
O-O-O Nf7 {Nun steht Schwarz viel unbequemer als in der Variante mit 16...Lg7.}
19. Bd4 Be5 20. Bxe5 dxe5 21. h4 gxh4 22. Qe1 Ra7 (22... Bb7 $5 23. Rxh4 Rd8)
23. Rxh4 Rd7 24. Rh5 Rg8 25. Kb1 Qc5 26. Rh3 {Schwarz hat einige
Bauernschwächen zu verwalten und der König steht in der Mitte auch nicht
wirklich gut. Der letzte weiße Zug droht Springerabzug gefolgt von Tc3.} Qb6
27. Qh4 ({In Betracht kam} 27. Rxd7 $5 Bxd7 28. Rf3 Ng5 29. Rf6 $16) 27...
Rxd1+ 28. Nxd1 Bb7 29. Rc3 Qd8 ({Möglich war vielleicht} 29... Bxe4 30. Rc8+
Nd8 31. Qxh6 Kd7 32. Rc3 Bg6) 30. Qf2 Qd4 $2 ({Schwarz verpasst} 30... Ng5 {
z.B.:} 31. Rd3 Qc7 32. Qf6 Bxe4 33. Rc3 Qg7 {und falls} 34. Rc8+ {dann einfach}
Kd7) 31. Qf6 {Nun droht Tc7.} Qd6 ({Besser} 31... Qd7 $5 32. Nf2 Kf8 33. Rf3
Ke8 $16) 32. Nf2 {Schwarz kollabiert nun in wenigen Zügen.} Kf8 33. Rf3 Rg7 (
33... Ke8 {wie nach Dd7, geht nun nicht}) 34. Qxh6 Kg8 35. Qf6 Bc6 36. Rd3 Qc5
37. g5 Nxg5 38. Ng4 Nf7 (38... Qe7 39. Rd8+ Be8 40. Ra8 $18) 39. Qxe6 Qg1+ 40.
Rd1 1-0

[Event "Beijing Sportaccord rap (Women)"]
[Site "Beijing"]
[Date "2013.12.12"]
[Round "3"]
[White "Ju, Wenjun"]
[Black "Hou, Yifan"]
[Result "0-1"]
[WhiteElo "2514"]
[BlackElo "2629"]
[PlyCount "106"]
[EventDate "2013.12.12"]
[EventType "swiss (rapid)"]
[EventRounds "7"]
[EventCountry "CHN"]
[SourceTitle "CBM 157 Extra"]
[Source "ChessBase"]
[SourceDate "2013.12.19"]
[SourceVersion "1"]
[SourceVersionDate "2013.12.19"]
[SourceQuality "1"]

1. d4 e6 2. c4 Nf6 3. g3 d5 4. Nf3 dxc4 5. Bg2 Nc6 6. Qa4 Bb4+ 7. Bd2 Nd5 8.
Bxb4 Ndxb4 9. O-O a6 10. Ne5 Bd7 11. Nxc6 Nxc6 12. Qxc4 O-O 13. Nc3 Qe7 14.
Rfd1 Rfd8 15. Rac1 Be8 16. e3 Na5 17. Qe2 Rac8 18. Ne4 Bb5 19. Qc2 b6 20. Nc3
Bc6 21. Bxc6 Nxc6 22. Qe2 Nb8 23. Ne4 h6 24. f4 c6 25. Nf2 a5 26. Nd3 Nd7 27.
Rc2 Qd6 28. Rdc1 c5 29. b3 Rc7 30. Nb2 Rdc8 31. dxc5 Rxc5 32. Rxc5 Rxc5 33. Nc4
Qc7 34. a4 Nf6 35. Rd1 Rd5 36. Rc1 Qc5 37. Qc2 Qb4 38. Kg2 Nd7 39. Qc3 Qc5 40.
Rc2 Nf6 41. Ne5 Qe7 42. Qc8+ Kh7 43. Qb8 Rd8 44. Qxb6 Nd5 45. Qc5 Qb7 46. Kh3
Qxb3 47. Nxf7 Rd7 48. Ne5 Rc7 49. Qxc7 Nxc7 50. Rxc7 Qxa4 51. Ra7 Qb5 52. Nf3
Qf1+ 53. Kg4 h5+ 0-1

[Event "Beijing Sportaccord Basque (Women)"]
[Site "Beijing"]
[Date "2013.12.17"]
[Round "1.2"]
[White "Hou, Yifan"]
[Black "Stefanova, Antoaneta"]
[Result "1-0"]
[WhiteElo "2629"]
[BlackElo "2486"]
[Annotator "Ramirez Alvarez,A"]
[PlyCount "71"]
[EventDate "2013.12.17"]
[EventType "swiss (rapid)"]
[EventRounds "5"]
[EventCountry "CHN"]
[SourceTitle "CBM 158 Extra"]
[Source "ChessBase"]
[SourceDate "2014.02.28"]
[SourceVersion "1"]
[SourceVersionDate "2014.02.28"]
[SourceQuality "1"]

1. e4 e5 2. Nf3 Nc6 3. Bc4 Bc5 4. O-O Nf6 5. d3 O-O 6. h3 d6 7. c3 Bb6 8. Bb3
h6 9. Nbd2 Ne7 10. Re1 c6 11. d4 Ng6 12. Nf1 Be6 13. Bc2 Re8 14. Ng3 Qd7 15.
Be3 Rad8 16. a4 Bc7 17. a5 a6 18. Qc1 d5 {By this point in the other game
Stefanov had misplayed the Catalan and found herself basically down a pawn.
Hou Yifan smelled blood in this game too.} 19. Bxh6 $3 {An excellent sacrifice.
} exd4 (19... gxh6 20. Qxh6 {threatening the simple Nh5 with unstoppable mate.}
Qe7 21. dxe5 $1 Nh7 (21... Bxe5 22. Nxe5 Nxe5 23. Qg5+ Ng6 24. Nf5 Bxf5 25.
exf5 {regains the piece and keeps an extra pawn for White.}) 22. Nf5 Qf8 23.
Qh5 {and White has a strong initiative while retaining three pawns for a piece.
}) 20. e5 $1 {A great follow up. Black is lost.} Ne4 (20... gxh6 21. Qxh6 {
comes with simply too many threats.}) 21. Nh5 (21. Bxg7 Kxg7 22. Nh5+ {was
more accurate as Black cannot go to g8 or h7 because of an eventual fork on f6
after destroying the knight on e4.}) 21... Bxh3 $1 {Fighting back! Stefanova
is not out of it just yet, but Hou Yifan recovers and proceeds precisely.} 22.
Bxe4 Qg4 (22... Bxg2 23. Kxg2 dxe4 24. Rxe4 Bxe5 25. Qg5 $1 {And White has the
upper hand in every way.}) 23. Ng3 {With this neutralizing retreat White
covers all the threats and emerges up material.} Nxe5 24. Nxe5 Rxe5 25. gxh3
Qxh3 26. Bf4 dxe4 27. cxd4 Rxd4 28. Bxe5 Bxe5 29. Ra3 {Black has some threats
here and there, and might even get another pawn, but a rook is a rook.} Bd6 30.
Rb3 Qg4 31. Qe3 c5 32. Qe2 Qh4 33. Rd1 f5 34. Rxd4 cxd4 35. Qc4+ Kh7 36. Qxd4 {
A great start for the winner of the blitz.} 1-0

[Event "Khanty-Mansiysk FIDE GP (Women)"]
[Site "Khanty-Mansiysk"]
[Date "2014.04.09"]
[Round "1"]
[White "Hou, Yifan"]
[Black "Kosintseva, Tatiana"]
[Result "1-0"]
[WhiteElo "2618"]
[BlackElo "2496"]
[Annotator "Havasi,G"]
[PlyCount "111"]
[EventDate "2014.04.09"]
[EventType "tourn"]
[EventRounds "11"]
[EventCountry "RUS"]
[EventCategory "10"]
[SourceTitle "CBM 160"]
[Source "ChessBase"]
[SourceDate "2014.05.15"]
[SourceVersion "1"]
[SourceVersionDate "2014.05.15"]
[SourceQuality "1"]

1. c4 Nf6 2. Nf3 e6 3. g3 d5 4. Bg2 {The Reti Opening is very popular these
days. White has a strong bishop and sometimes can play for some pressure on
the queenside.} dxc4 (4... Be7 {is more popular. The main line is} 5. O-O O-O
6. b3 c5 7. Bb2 d4 8. e3 Nc6 9. exd4 cxd4 10. Re1 {with very difficult play,
because this is a Benoni where White has played Bb2. On the other hand, she
has an extra tempo compared to the Benoni and Black can't employ the Nd7, e5
plan.}) 5. Qa4+ (5. O-O {is the other main line.}) 5... Nbd7 (5... c6 6. Qxc4
b5 7. Qc2 Bb7 {is the other possibility for Black. If Be7, c5 and 0-0, Nc6,
Qb6 were played, White should be afraid of Black's strong centre.}) 6. Qxc4 a6
(6... c5 $5 {tournament practice has shown that Black's chances are very good
in this line. Here is an example to show Black's plan.} 7. Qb3 Rb8 8. a4 b6 9.
d3 Bd6 10. Na3 a6 11. O-O Bb7 12. Nc4 Bc7 13. Bd2 O-O 14. Qa3 b5 15. axb5 axb5
16. Na5 Ba8 17. b4 Ne5 18. Nxe5 Bxe5 19. Rac1 c4 20. Rfd1 cxd3 21. Be3 Nd5 $132
{Khairullin-Aleksandrov, Loo 2014}) 7. Qb3 {White tries to put some pressure
on the queenside, so White goes out of the way of b5. If Black can easily play
b5 and Bb7, her problems will be solved.} (7. Qc2 {is another line.}) 7... c5 (
{Anand tried} 7... Rb8 8. O-O b5 9. a4 Bb7 10. axb5 axb5 11. d3 Be7 12. Bf4 Nd5
13. Bd2 O-O 14. Rc1 c5 15. Ba5 Qe8 16. Nbd2 N5f6 17. Rab1 Bd5 18. Qd1 Ra8 19.
b4 $1 {This is the most important. White attacks the c5-pawn and plans e4 and
Nb3.} Ra6 20. e4 Bc6 21. Nb3 cxb4 22. Qd2 $36 {Aronian-Anand, Zurich 2014.
Maybe Black could have played something else, but White's position is more
comfortable, because he has more space and the vulnerability of Black's
queenside pawns.}) 8. d3 (8. a4 {and}) (8. O-O {are other lines.}) 8... Be7 9.
Nc3 O-O (9... Ra7 $5 {This is a very interesting move. The reason for this
move is that White hasn't played a4 and Black tries to exploit this fact. If
we compare this 9...Ra7 to 10...Ra7, we can see an important difference: White
can't paralyse Black with a5.} 10. O-O O-O 11. a4 b6 12. Bf4 Bb7 $13 {
Carlstedt-Kislik, Budapest 2011}) 10. a4 $1 {White wants to play a5 in order
to weaken the queenside structure.} (10. O-O Ra7 {is possible again. Black
wants to play b6, Bb7.}) 10... Nb6 $146 {This is the first new move in the
game. Black plans Nbd5. This is logical, but Black won't defend the e5-square
and White will be able to put big pressure on Black with her c3N, aP and Bg2.
However Black plans a P sacrifice. 10...Qc7, 10...Bd6 and 10...Ra7 have been
played so far.} (10... Qc7 11. a5 $1 b5 12. axb6 Nxb6 13. Bf4 Bd6 14. Bxd6 Qxd6
15. Nd2 Rb8 16. Qa3 Qc7 17. O-O c4 18. Rfc1 $16 {Rotstein-Gaponenko, Ischia
2010}) (10... Bd6 11. O-O Rb8 12. a5 b5 13. axb6 Qxb6 14. Qxb6 Nxb6 15. Nd2
Nbd5 16. Nc4 Be7 17. Bd2 Bb7 18. Rfc1 h6 19. Na4 Nd7 20. Kf1 Nb4 21. Bf4 $16 {
Schmidt-Wernert, Germany 1999}) (10... Ra7 11. a5 $1 {This is the the
difference, a5 is paralysing Black and it isn't a weakness at all. White
simply plays Nd2-c4 increasing the pressure on Black's queenside.} Bd6 12. Nd2
Ng4 13. Nc4 Bc7 14. O-O Nge5 15. Nxe5 Bxe5 16. Be3 $36 {A.Petrosian-Razuvaev,
Baku 1977}) 11. O-O $1 (11. a5 $5 {is also possible.If} Nbd5 12. Ne5 $1 $14 {
White's plan is Nc4 and Bd2 with a very comfortable position, because Black
can't move.}) 11... Nbd5 12. Ne5 $1 {White brings his knight into the game and
opens the diagonal of the Dragon bishop.} (12. Rd1 Bd7 {isn't so clear.}) 12...
Qc7 13. Nc4 $1 Bd7 $1 {This is the only playable move.} (13... Rd8 14. a5 $1
$16 {and Black is completely paralysed.}) 14. Nxd5 $1 (14. e4 $5 {This move is
also possible. However 14.Nxd5 is better.} Nb4 15. Bf4 $1 Qd8 16. e5 Nfd5 17.
Nxd5 exd5 18. Nd6 Bxd6 19. exd6 Qb6 $1 20. Bxd5 Nxd5 21. Qxd5 Bc6 22. Qe5 Rfe8
23. Qc3 Re2 $44 {and Black has some serious compensation.}) 14... Nxd5 15. Bxd5
exd5 16. Nb6 Rae8 $6 (16... Rad8 $6 17. Nxd5 Be6 18. Bf4 $14) (16... d4 $1 {
I don't understand Black's move. Re8 simply gives up all of her chances. The
computer suggests this sacrifice with 16...d4 and I must agree with it on this
move, because Black had no chances in the game, but this move could have
retained some.} 17. Nxa8 (17. Nd5 Qd8 18. Qxb7 Bd6 19. Nb6 Rb8 20. Qxd7 Rxb6
$44) 17... Rxa8 $44 {Black's plan is Bc6, Qd7, Bd6, Re8, h5 and she can hope
for some compensation. Black might be worse, but this position is a very hard
task for White.}) 17. Bf4 (17. Nxd5 {is similar.}) 17... Qc6 18. Qxd5 (18. Nxd5
{was also possible.}) 18... Qxb6 19. Qxd7 Bf6 20. Bd6 Rd8 21. Bc7 $1 Rxd7 22.
Bxb6 Re8 23. Rfe1 Bxb2 24. Rab1 $6 (24. Ra2 $1 Bd4 25. Rb1 $14 {/\ Kg2 and Rc2}
) 24... Ba3 $1 25. Rb3 Bb4 $1 26. Rc1 {Black has played the best moves in the
last few moves, but she makes a mistake.} h6 $6 (26... a5 $3 {At first sight,
this is a bit strange, but Black wants to trap White's bishop. The following
line is forced.} 27. Rc4 (27. Bxc5 Rc7 28. Be3 Rxc1+ 29. Bxc1 Rxe2 30. Ba3 Bxa3
31. Rxa3 Rb2 $13 {This is equal, but Black might have some chances.}) 27... Rc8
28. d4 Rxd4 29. Rxd4 cxd4 30. Bxd4 f6 $11 {with an equal endgame.}) 27. e4 $6 (
27. Kf1 $1 $14 {/\ a5 and the difference is that the pawn is defended on e2!})
27... a5 $2 {It's late for this move. Of course Black hopes for penetration on
the c-file, but this simply loses a pawn and White's passed pawns will be more
dangerous.} (27... f5 $1 {would have equalised. This move attacks the weakness
on e4. At first sight, e4 doesn't seem to be a weakness. The one which can be
attacked is a weakness. The most important variation of the move is} 28. f3 (
28. exf5 Re5 $1 {27...Re5 wouldn't have worked because of f4, but if White
plays 29.f4 here, Black can play 29...Rxf5.}) 28... fxe4 29. fxe4 Bd2 $1 30.
Rc2 Be3+ 31. Kg2 Re5 {and Black holds the position.}) 28. Bxc5 Rc8 29. Be3 Rdc7
30. Rxc7 Rxc7 31. d4 Rc2 32. d5 Kf8 (32... Ra2 33. Rd3 $18) 33. Rb1 Ra2 {
Logical, but this move almost loses.} (33... Rc4 34. f3 Rc3 35. Bd2 Bc5+ 36.
Kh1 Rxf3 37. Bxa5 Re3 38. Bc7 $16) 34. Rc1 (34. e5 Rxa4 35. Rc1 {- 34.Rc1})
34... Rxa4 (34... Bd6 35. Rc4 $16) 35. e5 Ra3 36. Rc8+ Ke7 37. Rc7+ Ke8 38.
Rxb7 (38. d6 $18 {is even simpler.}) 38... Rd3 39. Rb8+ Kd7 40. Rb7+ Ke8 41. d6
$18 {White simply wins, because the passed pawns can't be stopped.} f6 42. Rxg7
fxe5 43. Re7+ Kf8 44. Bxh6+ Kg8 45. Rg7+ Kh8 46. Ra7 Rxd6 47. Bg7+ Kg8 48. Bxe5
Rd5 49. Bc7 Bc3 50. Kg2 Be1 51. h4 Rd2 52. Bb6 Ra2 53. h5 Bd2 54. g4 a4 55. Bd4
a3 56. g5 1-0

[Event "Khanty-Mansiysk FIDE GP (Women)"]
[Site "Khanty-Mansiysk"]
[Date "2014.04.19"]
[Round "9"]
[White "Hou, Yifan"]
[Black "Girya, Olga"]
[Result "1-0"]
[WhiteElo "2618"]
[BlackElo "2450"]
[Annotator "ChessBase Website"]
[PlyCount "91"]
[EventDate "2014.04.09"]
[EventType "tourn"]
[EventRounds "11"]
[EventCountry "RUS"]
[EventCategory "10"]
[SourceTitle "CBM 160"]
[Source "ChessBase"]
[SourceDate "2014.05.15"]
[SourceVersion "1"]
[SourceVersionDate "2014.05.15"]
[SourceQuality "1"]
[TimeControl "40/5400+30:1800+30"]
[WhiteClock "1:30:00"]
[BlackClock "1:30:00"]

1. e4 {[%emt 0:00:00]} c5 {[%emt 0:00:00]} 2. Nf3 {[%emt 0:00:00]} e6 {[%emt 0:
00:00]} 3. Nc3 {[%emt 0:00:00]} Nc6 {[%emt 0:00:01]} 4. d4 {[%emt 0:00:00]}
cxd4 {[%emt 0:00:05]} 5. Nxd4 {[%emt 0:00:00]} Qc7 {[%emt 0:00:08]} 6. Be3 {
[%emt 0:00:23]} a6 {[%emt 0:00:12]} 7. Be2 {[%emt 0:00:06]} Nf6 {[%emt 0:00:54]
} 8. O-O {[%emt 0:00:08]} Be7 {[%emt 0:00:04]} 9. f4 {[%emt 0:00:09]} d6 {
[%emt 0:00:03]} 10. Kh1 {[%emt 0:00:07]} O-O {[%emt 0:00:28]} 11. Qe1 {[%emt 0:
00:12]} Nxd4 {[%emt 0:00:52]} 12. Bxd4 {[%emt 0:00:07]} b5 {[%emt 0:00:11]} 13.
Qg3 {[%emt 0:00:34]} Bb7 {[%emt 0:04:25]} 14. a3 {[%emt 0:00:29]} Bc6 {[%emt 0:
01:04]} 15. Rae1 {[%emt 0:00:21]} Qb7 {[%emt 0:00:22]} 16. Bd3 {[%emt 0:00:06]}
b4 {[%emt 0:01:42]} 17. Nd1 {[%emt 0:00:06]} bxa3 {[%emt 0:08:06]} (17... g6
18. Nf2 Nh5 19. Qe3 a5 20. Ng4 f6 21. Bc4 Ng7 22. f5 gxf5 23. Rxf5 Kh8 24. Rf3
e5 25. Qh6 exd4 26. Rh3 Bxe4 27. Bd3 Bxd3 28. cxd3 Nh5 29. Qxh5 Bd8 30. Re8
Rxe8 31. Qxe8+ Kg7 32. Rg3 f5 33. Ne5+ Bg5 34. Rxg5+ Kf6 35. Qh5 dxe5 36. Qh6+
{1-0 (36) Guliyev,N (2559)-Schlosser,P (2602) Germany 2014}) 18. bxa3 {[%emt 0:
00:07]} Rac8 {[%emt 0:03:02]} 19. Nf2 {[%emt 0:08:16]} Nh5 {[%emt 0:01:01]} 20.
Qg4 $146 {[%emt 0:22:48]} (20. Qf3 g6 21. Ng4 f6 22. Qe2 Bb5 23. c4 Bc6 24. c5
Bb5 25. cxd6 Bxd6 26. e5 Bxd3 27. Qxd3 fxe5 28. fxe5 Rxf1+ 29. Rxf1 Bf8 30.
Nf6+ Nxf6 31. exf6 Kf7 32. Rb1 Qc6 33. h3 Rc7 34. Be5 {1/2-1/2 (34) Parligras,
M (2601)-Movsesian,S (2723) Germany 2010}) 20... g6 {[%emt 0:04:33]} 21. Qh3 {
[%emt 0:16:22]} Bd7 {[%emt 0:29:53]} 22. Ng4 {[%emt 0:15:34]} e5 {[%emt 0:07:
57]} 23. fxe5 {[%emt 0:01:07]} Bxg4 {[%emt 0:00:45]} 24. Qxg4 {[%emt 0:00:07]}
dxe5 {[%emt 0:00:07]} 25. Bxe5 {[%emt 0:00:07]} Bxa3 {[%emt 0:00:57]} 26. Re3 {
[%emt 0:12:57]} Rc6 {[%emt 0:04:59]} 27. Rh3 {[%emt 0:04:57]} Qc8 {[%emt 0:04:
07]} 28. Qf3 {[%emt 0:03:04]} Re6 {[%emt 0:12:14]} 29. Rxh5 $1 {[%emt 0:09:13]
Clearly the most important result of the round. Hou Yifan started a dangerous
attack on the kingside that had to be met with precision by Black. The
machines give some crazy defensive lines, but Girya did not find them and the
World Champion's bishops ravaged the board. This cost the Russian suitor her
queen and it was simple technique from Hou Yifan that was required to take a
two point commanding lead with only two rounds to go.} gxh5 {[%emt 0:00:27]}
30. Bf6 {[%emt 0:00:01]} Rxf6 {[%emt 0:00:57]} 31. Qxf6 {[%emt 0:00:01]} Qe6 {
[%emt 0:00:24]} 32. Qg5+ {[%emt 0:02:12]} Qg6 {[%emt 0:02:54]} 33. Qd5 {
[%emt 0:00:13]} Re8 {[%emt 0:04:52]} 34. e5 {[%emt 0:03:18]} Qg7 {[%emt 0:00:
52]} 35. Qb3 {[%emt 0:00:24]} Bf8 {[%emt 0:04:02]} 36. Rxf7 {[%emt 0:00:31]}
Qxf7 {[%emt 0:00:12]} 37. Bc4 {[%emt 0:00:03]} Qxc4 {[%emt 0:00:22]} 38. Qxc4+
{[%emt 0:00:01]} Kg7 {[%emt 0:00:09]} 39. Qd5 {[%emt 0:00:42]} Be7 {[%emt 0:01:
21]} 40. Qd7 {[%emt 0:00:00]} Kf8 {[%emt 0:00:00]} 41. Qf5+ {[%emt 0:00:57]}
Kg7 {[%emt 0:00:11]} 42. Qxh5 {[%emt 0:03:01]} Rb8 {[%emt 0:02:07]} 43. g3 {
[%emt 0:02:19]} Rb5 {[%emt 0:00:14]} 44. Qg4+ {[%emt 0:00:13]} Kf8 {[%emt 0:00:
15]} 45. Qf4+ {[%emt 0:01:30]} Kg7 {[%emt 0:00:40]} 46. e6 {[%emt 0:00:41]} 1-0

[Event "Lopota FIDE GP (Women)"]
[Site "Lopota"]
[Date "2014.06.24"]
[Round "5"]
[White "Hou, Yifan"]
[Black "Stefanova, Antoaneta"]
[Result "1-0"]
[WhiteElo "2629"]
[BlackElo "2488"]
[Annotator "Schulz,Andre"]
[PlyCount "49"]
[EventDate "2014.06.19"]
[EventType "tourn"]
[EventRounds "11"]
[EventCountry "GEO"]
[EventCategory "11"]
[SourceTitle "CBM 161 Extra"]
[Source "ChessBase"]
[SourceDate "2014.08.29"]
[SourceVersion "1"]
[SourceVersionDate "2014.08.29"]
[SourceQuality "1"]

1. c4 {Bisher spielte Hou gegen Stefanova ausschließlich 1.e4 und gewann fast
alle Partien.} g6 2. Nc3 c5 3. e3 ({Üblicher ist z.B.} 3. g3 Nc6 4. Bg2 Bg7 5.
Nf3 Nf6) 3... Bg7 4. d4 d6 (4... cxd4 5. exd4 Nf6 6. d5 O-O 7. Nf3 d6 8. Be2
Bg4 9. O-O Nbd7 10. Be3 Rc8 11. Nd2 Bxe2 12. Qxe2 a6 13. Rfe1 Re8 14. Rac1 e6
15. dxe6 Rxe6 16. Qd1 Ne5 17. Bg5 Nxc4 18. Rxe6 fxe6 19. Qe2 Ne5 20. Nde4 Nf7
21. Re1 d5 22. Nxf6+ Bxf6 23. Bxf6 Qxf6 24. h3 Rc6 25. Nd1 Kg7 26. Ne3 h5 27.
Nf1 Ng5 28. Ng3 Rc4 29. Qd2 Qf4 30. Qe2 h4 31. Nf1 Re4 32. Qd1 Rxe1 33. Qxe1
Ne4 34. Ne3 Qf6 35. Qe2 b5 36. Ng4 Qd4 37. Qc2 Qc4 38. Qd1 Nf6 39. Ne5 Qe4 40.
Nf3 e5 41. Qc1 Qc4 42. Qg5 Qxa2 43. Nxe5 Qb1+ 44. Kh2 Qf5 45. Qe3 Qe6 46. Qa7+
Kh6 47. Qe3+ Kh7 48. Qa7+ Kh6 49. f4 Qf5 50. Nf7+ Kh5 51. Qb8 Nh7 52. Ng5 Kh6
53. Nf3 Qf6 54. Kg1 d4 55. Ne5 Kh5 56. Qc7 Nf8 57. Ng4 Qe6 58. Qc5+ Qf5 59. Qe7
d3 60. Nf6+ Kh6 61. Qxf8# {1-0 (61) Aronian,L (2803)-Le Quang,L (2703) Beijing
2013}) 5. h3 {Ein sehr ungebräuclicher Zug an dieser Stelle.} Nc6 6. Nf3 (6.
d5 Bxc3+ $5 7. bxc3 Ne5) 6... e6 7. Be2 (7. d5 exd5 8. cxd5 Ne5 9. e4 Nxf3+ 10.
Qxf3 a6 11. a4 Nf6 12. Bg5 h6 13. Bh4 Qe7 14. Bd3 g5 15. Bg3 Nd7 16. Qh5 Ne5
17. Bc2 Ng6 18. a5 Bd7 19. Ra3 Rb8 20. Rb3 Nf4 21. Qf3 Be5 22. Rb6 Rg8 23. Nd1
Nxd5 24. Bxe5 Qxe5 25. Bb3 g4 26. hxg4 Bxg4 27. Bxd5 Bxf3 28. gxf3 Rg6 29. Ne3
Kf8 30. Ke2 h5 31. Nf5 Re8 32. Kf1 Rg5 {0-1 (32) Prusikin,M (2541)-Caruana,F 
(2682) Switzerland 2012}) 7... Nge7 8. O-O cxd4 9. exd4 Nf5 10. Bg5 Qb6 {
Das schwarze Spiel wirkt etwas artifiziell.} 11. d5 Ncd4 12. Nxd4 Nxd4 13. dxe6
Bxe6 ({Auf} 13... Nxe6 {folgt} 14. c5 {und Schwarz bekommt Probleme:} Qxc5 (
14... dxc5 15. Nd5 Qa5 16. Bb5+ $18) (14... Nxc5 15. Nd5 $18) 15. Ne4 $16) 14.
Be3 Nxe2+ 15. Qxe2 Qc6 16. Nd5 Bxd5 (16... b5 $5) 17. cxd5 Qxd5 $2 ({Besser war
} 17... Qa6 {Nach} 18. Qxa6 (18. Qe1 O-O) 18... bxa6 {ist der weiße Vorteil
gering.}) 18. Bf4+ Kf8 19. Rfd1 Qf5 20. Bxd6+ Kg8 21. Rac1 h5 22. Rc7 b5 23.
Rd3 Rc8 $2 (23... Kh7 $2 24. Rf3 Qb1+ 25. Kh2 f5 26. Rxg7+ Kxg7 27. Qe7+ Kg8
28. Qe6+ Kg7 29. Be5+ Kf8 30. Rc3 Z0 {gefolgt von} 31. Bd6+ Kg7 32. Rc7+ Kh6
33. Bf4#) ({Besser war} 23... Qf6 24. Qe4 Kh7 25. Qb7 Rab8 {mit überlegener
weißer Stellung.}) 24. g4 hxg4 25. hxg4 {und die Dame kann die Deckung des
Tc8 nicht aufrecht erhalten.} 1-0